Eurovision 2026 nach Kritzeleien Teil 3 - Statistiken

Allgemein
  • Dieses Quiz wurde 31 mal gespielt
  • Das Durchschnittsergebnis liegt bei 9 aus 11
Antwortstatistiken
Bildquiz Antwort % Korrekt
Deutschland
100%
Österreich
100%
Finnland
93%
Bulgarien
89%
Litauen
89%
Italien
82%
Luxemburg
82%
Rumänien
82%
Moldau
79%
Georgien
64%
Moldawien
61%
Keine übereinstimmenden Quizze gefunden
Verteilung der Resultate
Anzahl Personen mit jedem Resultat
Perzentil nach korrekt beantworteten Fragen
Ihre Resultats-Entwicklung
Sie haben dieses Quiz noch nicht gespielt